| 000 | 00468nam a22001817a 4500 | ||
|---|---|---|---|
| 003 | OSt | ||
| 005 | 20260211124137.0 | ||
| 008 | 230816b |||||||| |||| 00| 0 eng d | ||
| 020 | _a9966703950 | ||
| 040 | _cChuka University Library | ||
| 050 |
_aPL 8704 _b.M6T8 2006 |
||
| 100 |
_aMomanyi, Clara _912001 |
||
| 245 | _aTumaini | ||
| 260 |
_aNairobi _bVide-Muwa _c2006 |
||
| 300 |
_a161p. _bIllustrated |
||
| 650 |
_aKiswahili--fiction _911998 |
||
| 942 |
_2lcc _cBK _n0 _014 |
||
| 999 |
_c15215 _d15215 |
||